000 00642nam a2200241 i 4500
001 C2-0266980
003 PPAK
005 20180727234310.0
008 050829s2005 my |||| ||||| | may d
020 _a9838936480
040 _aPPAK
_beng
_cPPAK
_erda
082 0 4 _a899.233
_223
090 0 0 _a899.233
_bJOH
_dG
100 0 _aJohn Norafizan,
_eauthor
245 1 0 _aTunjukkan aku satu bintang
264 1 _aKuala Lumpur :
_bCreative Enterprise ,
_c[2005]
300 _a718 pages ;
_c18 cm
336 _2rdacontent
_atext
337 _2rdamedia
_aunmediated
338 _2rdacarrier
_avolume
650 1 0 _aMalay fiction
942 _ddc
_cB
999 _c76016
_d76016